| 000 | 00383nam a2200169Ia 4500 | ||
|---|---|---|---|
| 008 | 221030s9999 xx 000 0 und d | ||
| 020 | _a8120312198 | ||
| 041 | _aEnglish | ||
| 082 |
_a105.23 _bBat |
||
| 100 | _aR. Batra | ||
| 245 | 0 | _aAdvertising Management | |
| 260 |
_bPHI _aNew Delhi _c1997 |
||
| 300 | _a754 | ||
| 650 | _aBE Management | ||
| 700 | _aJ. G. Myers | ||
| 942 | _cBK | ||
| 999 |
_c1618 _d1618 |
||